IELTS on Track

Salvato in:
Dettagli Bibliografici
Autore principale: Slater, Stephen
Natura: Libro
Lingua:English
Pubblicazione: TP.HCM 2010
Soggetti:
Tags: Aggiungi Tag
Nessun Tag, puoi essere il primo ad aggiungerne! !
Thư viện lưu trữ: Mạng thư viện Đại học Đà Nẵng
LEADER 00802nam a22002411a 4500
001 000033913
003 10105
005 20151027131556.0
008 151027s2010 000 eng
041 |a eng 
082 |a 420.8  |b ST-L 
100 |a Slater, Stephen 
245 |a IELTS on Track  |c Stephen Slater, Donna Millen,… 
260 |a TP.HCM  |c 2010 
650 |a IELTS on Track, test practice academic 
OWN |a LNN 
AVA |a UDN50  |b LNN  |d 420.8 ST-L  |e available  |t Error 5001 Not defined in file expand_doc_bib_avail.  |f 3  |g 0  |h N  |i 0  |k 1 
999 |a From the UDN01 
AVA |a UDN50  |b LNN  |d 420.8 ST-L  |e available  |t Error 5001 Not defined in file expand_doc_bib_avail.  |f 3  |g 0  |h N  |i 0  |k 1 
TYP |a Monograph 
980 |a Mạng thư viện Đại học Đà Nẵng